Les nocturnes / (Record no. 187346)

MARC details
000 -LEADER
campo de control de longitud fija 00702nam a2200205 i 4500
001 - NÚMERO DE CONTROL
campo de control 187346
003 - IDENTIFICADOR DE NÚMERO DE CONTROL
campo de control ES-MaACL
005 - FECHA Y HORA DE LA ÚLTIMA TRANSACCIÓN
campo de control 20250807123129.0
008 - DATOS DE LONGITUD FIJA--INFORMACIÓN GENERAL
campo de control de longitud fija 170612s1930 fr a |||| | fre d
080 ## - NÚMERO DE LA CLASIFICACIÓN DECIMAL UNIVERSAL
Número de la Clasificación Decimal Universal 821.133.1-31"19"
100 1# - ENTRADA PRINCIPAL--NOMBRE DE PERSONA
Nombre de persona Imann, Georges.
9 (RLIN) 163028
245 14 - MENCIÓN DEL TÍTULO
Título Les nocturnes /
Mención de responsabilidad, etc. Georges Imann ; 36 bois originaux de Renefer.
260 ## - PUBLICACIÓN, DISTRIBUCIÓN, ETC.
Lugar de publicación, distribución, etc. Paris :
Nombre del editor, distribuidor, etc. Arthème Fayard & Cie.,
Fecha de publicación, distribución, etc. [1930]
300 ## - DESCRIPCIÓN FÍSICA
Extensión 126 p. :
Otras características físicas il. ;
Dimensiones 24 cm.
490 1# - MENCIÓN DE SERIE
Mención de serie Le livre de demain ;
Designación de volumen o secuencia 89
700 1# - ENTRADA AGREGADA--NOMBRE PERSONAL
Nombre de persona Renefer,
Fechas asociadas al nombre 1879-1957
9 (RLIN) 163029
830 0# - PUNTO DE ACCESO ADICIONAL DE SERIE-TÍTULO UNIFORME
Título uniforme Le livre de demain ;
Designación de volumen o secuencia 89
9 (RLIN) 183404
852 ## - LOCALIZACIÓN
Ubicación ES-MaACL
Número de control de estantería L-31698
Nota libre . - Donat. herederos de la bibl. de Mª del Pilar Costa Palacín
Holdings
Estatus retirado Estado de pérdida Estado de daño No para préstamo Biblioteca de origen Biblioteca actual Ubicación en estantería Fecha de adquisición Fuente de adquisición Total de préstamos Signatura topográfica completa Código de barras Visto por última vez Precio de reemplazo Tipo de ítem Koha
        Biblioteca del Ateneo de Madrid Biblioteca del Ateneo de Madrid Depósito 2 12/06/2017     L-31698 1197721 23/02/2023 23/02/2023 Libro impreso